000 00566nam a22001935i 4500
001 171689
003 ES-MaACL
005 20250911063604.0
008 090526s1958 sp |||| | spa d
080 _a821.134.2-31"19"
100 1 _aSoler, Bartolomé,
_d1894-1975
_9107138
245 1 0 _aPatapalo /
_cpor Bartolomé Soler.
260 _aBarcelona :
_bG. P.,
_c1958.
300 _a189 p. ;
_c18 cm.
490 1 _aLibros "Plaza" ;
_v131
830 0 _aLibros "Plaza" ;
_v131
_9181449
852 _aES-MaACL
_jC-14728
_9R.42718
999 _c171689
_d171689